Fictional Characters by Snow Globe Quiz Stats

 Plays Quiz Updated Feb 12, 2016

Also try: Movie Cakes
Challenge
Share
Tweet
Score 0/20 Timer 06:00
0 Plays Today
% Correct
Spider-Man
98.3%
Winnie the Pooh and Piglet
98.3%
Snow White and the Seven Dwarfs
98%
SpongeBob SquarePants
98%
Batman
97.5%
Yoda
97.5%
Harry Potter
97.4%
Snoopy
97.2%
Minnie Mouse
97.1%
Mary Poppins
96.8%
% Correct
Garfield and Odie
96.7%
Simba and Mufasa
96.6%
Dorothy Gale and Toto
93.4%
Elmo
92.2%
Betty Boop
91.5%
Jasmine
90%
Wonder Woman
89.8%
Pebbles Flintstone
85.8%
Cheshire Cat
79.7%
Gollum
74.2%

You're not logged in!

Compare scores with friends on all Sporcle quizzes.
Join for Free
OR
Log In

You Might Also Like...

Show Comments

Extras

Top Quizzes Today


Score Distribution

Your Account Isn't Verified!

In order to create a playlist on Sporcle, you need to verify the email address you used during registration. Go to your Sporcle Settings to finish the process.

Report this User

Report this user for behavior that violates our Community Guidelines.

Details: